000 01207nam a2200325 i 4500
003 CO-BoRNBP
005 20220317000642.0
007 ta
008 200326s2000 ck gr 000 0 spa d
020 _a9588052580
040 _aCO-BoRNBP
_bspa
_erda
_cCO-BoRNBP
041 0 _aspa
082 0 4 _a306.461
_bG65a
_223
100 1 _aGómez López, Augusto Javier
_eautor
245 1 0 _aAmazonia colombiana
_benfermedades y epidemias
_bun estudio de bioantropología histórica
_cAugusto Javier Gómez López , Hugo Armando Soto Mayor, Ana Cristina Lesmes Patiño
250 _aPrimera edición
264 1 _aBogotá, Colombia
_bMinisterio de Cultura
_c2000
300 _a616 páginas
_bilustraciones
_c23 cm
336 _atexto
_btxt
_2rdacontent
337 _asin mediación
_bn
_2rdamedia
338 _avolumen
_bnc
_2rdacarrier
650 1 7 _aAntropología médica
_2ARMARC
650 1 7 _aEnfermedades
_xHistoria
_2ARMARC
650 1 7 _aEpidemias
_xHistoria
_zColombia
_2ARMARC
650 1 7 _aIndígenas
_xEnfermedades
_zColombia
_2ARMARC
650 1 7 _aMedicina popular
_2ARMARC
700 1 _aSotomayor Tribín, Hugo Armando
_eautor
_951911
700 1 _a Lesmes Patiño, Ana Cristina
_eautor
_9206411
942 _2loc
_cBK
999 _c4675
_d4675